000 00215 a2200097 4500
001 11005
100 _aMatheson, S.
245 _aThe Tigers of Baluchistan
260 _a
_bOxford University
_c
090 _c8573
_d8573
942 _aNUST-CAE
_cM
_c35348
999 _c246078
_d246078